000 00438nam a2200181Ia 4500
005 20250423101432.0
008 250422s9999 xx 000 0 und d
020 _a9780709065302
050 _aPN 3355 .W55/
100 _aWilbur, L. P.
245 4 _aThe seven key elements of fiction
260 _aLondon
260 _bRobert Hale
260 _c2011
300 _a192 p
650 _aFiction--History and criticism.
942 _cBK
999 _c36298
_d36298